[Event "Tourn. n8721"]
[Site "www.chess-mail.com"]
[Date "2016.04.22"]
[Round "1"]
[White "Genius1"]
[Black "Mrmoto"]
[WhiteElo "1460"]
[BlackElo "1560"]
[Result "1-0"]
[Round "1"]
1.Ng1f3 Ng8f6
2.c4 c5
3.g3 g6
4.Bf1g2 Bf8g7
5.O-O O-O
6.Nb1c3 Nb8c6
7.d3 d6
8.h3 Bc8d7
9.Bc1g5 e6
10.Nc3e4 Qd8b6
11.Bg5xf6 Bg7xf6
12.Ne4xf6 Kg7
13.Nf6xd7 Qb6xb2
14.Nd7xf8 Kxf8
15.Ra1b1 { resign }
1-0

[Event "Tourn. n8721"]
[Site "www.chess-mail.com"]
[Date "2016.04.22"]
[Round "1"]
[White "Daquata"]
[Black "Genius1"]
[WhiteElo "1620"]
[BlackElo "1460"]
[Result "0-1"]
[Round "1"]
1.e4 c5
2.Ng1f3 e6
3.d4 cxd4
4.Nf3xd4 a6
5.Nb1c3 Qd8c7
6.Bc1e3 Ng8f6
7.f3 Bf8b4
8.Be3d2 O-O
9.a3 Bb4xc3
10.Bd2xc3 d5
11.Bf1d3 dxe4
12.fxe4 Nb8d7
13.Qd1g4 Nf6xg4
{ resign }
0-1

[Event "Tourn. n8695"]
[Site "www.chess-mail.com"]
[Date "2016.04.22"]
[Round "1"]
[White "Bojan"]
[Black "Nikas"]
[WhiteElo "2000"]
[BlackElo "1960"]
[Result "0-1"]
[Round "1"]
1.c4 Ng8f6
2.b4 e6
3.a3 b6
4.Bc1b2 Bc8b7
5.Ng1f3 Bf8e7
6.d4 O-O
7.Qd1d3 d5
8.c5 a5
9.Nb1d2 axb4
10.axb4 Nb8c6
11.Qd3b3 bxc5
12.bxc5 Ra8xa1
13.Bb2xa1 Qd8a8
14.Ba1c3 Rf8b8
15.Qb3c2 Bb7a6
16.e3 Ba6xf1
17.Nd2xf1 Nf6e4
18.Nf1d2 Ne4xc3
19.Qc2xc3 Qa8a6
20.Nd2b3 e5
21.Nf3d2 exd4
22.exd4 Be7f6
23.f3 Rb8e8
24.Kf2 Bf6h4
25.g3 Qa6e2
26.Kg1 Qe2e1
27.Kg2 Re8e2
28.Kh3 Re2xh2
{ resign }
0-1

[Event "Tourn. n8677"]
[Site "www.chess-mail.com"]
[Date "2016.04.22"]
[Round "1"]
[White "Umzi"]
[Black "Xkafi"]
[WhiteElo "2200"]
[BlackElo "2010"]
[Result "1-0"]
[Round "1"]
1.e4 e5
2.Ng1f3 Nb8c6
3.Bf1c4 Bf8c5
4.c3 d6
5.d4 exd4
6.cxd4 Bc5b4
7.Nb1c3 Bc8g4
8.Qd1b3 Bg4h5
9.a3 Bb4a5
10.Qb3xb7 Ng8e7
11.Bc4b5 Ra8b8
12.Bb5xc6 Kf8
13.Qb7a6 Ba5xc3
14.bxc3 Rb8b6
15.Qa6d3 Ne7xc6
16.O-O h6
17.d5 Bh5xf3
18.Qd3xf3 Nc6e5
19.Qf3e2 g5
20.c4 Rb6b3
21.f4 gxf4
22.Bc1xf4 Qd8h4
23.Bf4xe5 dxe5
24.Rf1f3 Rb3b7
25.c5 Ke7
26.Ra1f1 Rh8h7
27.Qe2a6 Rb7b2
28.Qa6c8 Rb2xg2
29.Kxg2 Qh4xe4
30.Qc8xc7 Kf8
31.Kh3 Qe4xd5
32.Qc7d6 Qd5xd6
33.cxd6 Ke8
34.d7 { resign }
1-0

[Event "Match"]
[Site "www.echecsemail.com"]
[Date "2016.04.22"]
[Round "1"]
[White "Liencam2"]
[Black "Chapi"]
[WhiteElo "2320"]
[BlackElo "2110"]
[Result "1-0"]
[Round "1"]
1.e4 c5
2.Nb1c3 Nb8c6
3.Bf1b5 g6
4.Bb5xc6 bxc6
5.d3 Bf8g7
6.Ng1e2 d5
7.O-O Ng8f6
8.Ne2g3 O-O
9.h3 a5
10.Bc1f4 Bc8a6
11.Rf1e1 c4
12.d4 e6
13.e5 Nf6d7
14.Nc3e2 c5
15.c3 cxd4
16.cxd4 Ra8b8
17.Qd1d2 f6
18.exf6 Rf8xf6
19.Bf4xb8 Qd8xb8
20.Qd2xa5 Qb8a7
21.b4 Rf6f7
22.b5 Bg7xd4
23.Ne2xd4 Qa7xd4
24.Qa5xa6 Qd4xf2
25.Kh2 Nd7c5
26.Qa6d6 Nc5d3
27.Re1f1 Qf2c5
28.Qd6xe6 Qc5f8
29.Qe6xd5 { resign }
1-0

[Event "Match"]
[Site "www.echecsemail.com"]
[Date "2016.04.22"]
[Round "1"]
[White "Fangshuo"]
[Black "Cheminet"]
[WhiteElo "2080"]
[BlackElo "1950"]
[Result "1-0"]
[Round "1"]
1.e4 c5
2.Ng1f3 Nb8c6
3.d3 g6
4.Bc1g5 Bf8g7
5.Nb1c3 b5
6.Nc3xb5 Qd8a5
7.Nb5c3 Bc8a6
8.Bg5d2 e6
9.Nc3d5 Qa5d8
10.Nd5c3 Ng8f6
11.Bf1e2 Nf6g4
12.O-O Ng4e5
13.Nf3g5 Nc6d4
14.f4 Ne5c6
15.e5 Nd4xe2
16.Qd1xe2 O-O
17.Bd2e3 d6
18.exd6 Nc6d4
19.Qe2f2 Qd8xd6
20.Nc3e4 Qd6c6
21.Ra1d1 Ra8c8
22.c3 Nd4f5
23.Be3xc5 Nf5d6
24.Bc5xd6 Rf8d8
25.Bd6e5 Ba6xd3
26.Ne4f6 Bg7xf6
27.Be5xf6 Rd8d5
28.Rf1e1 Bd3e4
29.Ng5xe4 Rd5xd1
30.Re1xd1 Qc6xe4
31.Qf2c5 Qe4e1
32.Rd1xe1 Rc8xc5
33.Re1d1 h6
34.Rd1d8 { resign }
1-0

[Event "Match"]
[Site "www.echecsemail.com"]
[Date "2016.04.22"]
[Round "1"]
[White "Milkyway"]
[Black "Chtoubidou"]
[WhiteElo "1809"]
[BlackElo "1970"]
[Result "1-0"]
[Round "1"]
1.e4 d5
2.exd5 Ng8f6
3.d4 Nf6xd5
4.Ng1f3 g6
5.h4 Bc8g4
6.Bf1e2 Bf8g7
7.c3 Nb8c6
8.Kf1 Qd8d7
9.Nb1a3 O-O-O
10.Qd1a4 Kb8
11.Be2b5 Bg4xf3
12.gxf3 a6
13.Bb5xc6 Qd7xc6
14.Qa4xc6 bxc6
15.Na3c2 f5
16.Nc2e3 e5
17.dxe5 Bg7xe5
18.Ne3c4 Nd5f4
19.Bc1e3 Nf4h5
20.Nc4xe5 { resign }
1-0

[Event "Match"]
[Site "www.echecsemail.com"]
[Date "2016.04.22"]
[Round "1"]
[White "Nimzo"]
[Black "Conde7"]
[WhiteElo "2830"]
[BlackElo "2840"]
[Result "1/2-1/2"]
[Round "1"]
1.d4 Ng8f6
2.c4 e6
3.Ng1f3 Bf8b4
4.Bc1d2 Bb4xd2
5.Qd1xd2 b6
6.g3 O-O
7.Bf1g2 Bc8b7
8.O-O d5
9.cxd5 exd5
10.Nb1c3 Nb8d7
11.b4 c6
12.Nf3e5 Qd8e7
13.Ne5d3 Nf6e4
14.Qd2b2 f5
15.Ra1c1 b5
16.a4 bxa4
17.Nc3xa4 Bb7a6
18.Qb2c2 Ba6b5
19.Na4c3 Ne4xc3
20.Qc2xc3 Qe7xe2
21.Nd3f4 Qe2e8
22.Rf1e1 Qe8b8
23.Bg2f1 Bb5xf1
24.Kxf1 Rf8f6
25.Re1e7 Qb8d6
26.Qc3e1 a6
27.Nf4h5 Rf6g6
28.Qe1e2 Ra8b8
29.Rc1e1 Nd7f6
30.Nh5xf6 Qd6xf6
31.Qe2xa6 Qf6d6
32.h4 h5
33.Re7e8 Kh7
34.b5 f4
35.Qa6xc6 Qd6xc6
36.bxc6 Rb8xe8
37.Re1xe8 Rg6xc6
38.Re8e5 Kh6
39.gxf4 Rc6f6
40.f5 g5
41.f4 { draw }
1/2-1/2

[Event "Match"]
[Site "www.echecsemail.com"]
[Date "2016.04.22"]
[Round "1"]
[White "Numanoid"]
[Black "Paaliaq"]
[WhiteElo "2440"]
[BlackElo "2330"]
[Result "1/2-1/2"]
[Round "1"]
1.e4 e5
2.Nb1c3 Ng8f6
3.Bf1c4 Nf6xe4
4.Qd1h5 Ne4d6
5.Qh5xe5 Qd8e7
6.Qe5xe7 Bf8xe7
7.Bc4b3 Nd6f5
8.Ng1f3 c6
9.O-O d5
10.Rf1e1 O-O
11.Nc3e2 Rf8e8
12.c3 Nf5h4
13.Nf3xh4 Be7xh4
14.Bb3c2 Bc8g4
15.Kf1 Nb8a6
16.d4 Na6c7
17.h3 Bg4d7
{ draw }
1/2-1/2

[Event "1/128 Finale"]
[Site "www.chess-mail.com"]
[Date "2016.04.22"]
[Round "1"]
[White "Tonino1"]
[Black "Piekki"]
[WhiteElo "2200"]
[BlackElo "1980"]
[Result "0-1"]
[Round "1"]
1.d4 Ng8f6
2.Ng1f3 g6
3.e3 Bf8g7
4.Bf1d3 d5
5.b3 Bc8g4
6.Bc1b2 Nb8d7
7.Nb1d2 c6
8.O-O O-O
9.h3 Bg4f5
10.Bd3xf5 gxf5
11.Nf3e5 e6
12.f4 Nd7xe5
13.fxe5 Nf6e4
14.Nd2xe4 dxe4
15.c4 Qd8g5
16.Qd1e1 Bg7h6
17.Bb2c1 Ra8d8
18.Ra1b1 Kh8
19.Rb1b2 Rf8g8
20.Qe1f2 Rg8g6
21.Qf2f4 Qg5h5
22.Qf4h2 Rd8g8
23.Rb2f2 Rg6g3
24.Kh1 Bh6xe3
25.Bc1xe3 Rg3xe3
26.d5 Re3g3
27.d6 e3
28.Rf2c2 f4
29.Rc2c1 e2
30.Rf1f2 f3
31.Rc1g1 fxg2
32.Rf2xg2 Rg3xg2
 { time }
0-1

[Event "Tourn. n8653"]
[Site "www.chess-mail.com"]
[Date "2016.04.23"]
[Round "1"]
[White "Starwind"]
[Black "Rons"]
[WhiteElo "2470"]
[BlackElo "2580"]
[Result "1-0"]
[Round "1"]
1.e4 c5
2.Ng1f3 d6
3.d4 cxd4
4.Nf3xd4 Ng8f6
5.Nb1c3 a6
6.Bc1e3 e6
7.f3 b5
8.Qd1d2 Nb8d7
9.g4 h6
10.O-O-O Bc8b7
11.h4 b4
12.Nc3a4 Qd8a5
13.b3 Nd7c5
14.a3 Nc5xa4
15.axb4 Qa5c7
16.bxa4 d5
17.e5 Nf6d7
18.f4 Nd7b6
19.Rh1h3 Ra8c8
20.f5 Nb6xa4
21.c4 exf5
22.gxf5 dxc4
23.f6 Bb7e4
24.Bf1g2 c3
25.Qd2a2 Be4xg2
26.fxg7 Bf8xg7
27.Nd4e6 Qc7b7
28.Ne6xg7 Kf8
29.Ng7e6 fxe6
30.Qa2xe6 Bg2xh3
31.Qe6xh3 Rh8h7
32.Qh3e6 { resign }
1-0

[Event "Tourn. n8696"]
[Site "www.chess-mail.com"]
[Date "2016.04.23"]
[Round "1"]
[White "Gatrooper"]
[Black "Cal"]
[WhiteElo "1560"]
[BlackElo "1610"]
[Result "1-0"]
[Round "1"]
1.e4 e5
2.a3 d6
3.Nb1c3 Ng8f6
4.h3 a6
5.Ng1f3 h6
6.Bf1c4 Nb8c6
7.d3 Bf8e7
8.Nc3d5 O-O
9.Nd5xf6 Be7xf6
10.Bc1e3 Nc6e7
11.Qd1e2 c6
12.h4 b5
13.Bc4a2 Bc8g4
14.O-O-O d5
15.Rd1e1 d4
16.Be3d2 Ne7g6
17.Qe2f1 Bg4xf3
18.gxf3 c5
19.h5 Ng6e7
20.Qf1g2 Ra8c8
21.Rh1g1 c4
22.dxc4 bxc4
23.Bd2xh6 Kh7
24.Bh6xg7 Rf8g8
25.h6 Ne7g6
26.Rg1h1 Bf6xg7
27.hxg7 Kxg7
28.Re1g1 Kf8
29.Rh1h7 Rc8c6
30.b3 d3
31.Rg1d1 Ng6f4
32.Qg2h2 Qd8d4
33.bxc4 Qd4a1
34.Kd2 Qa1xa2
35.Rd1c1 Qa2xc4
36.Qh2h4 dxc2
37.Qh4d8 { resign }
1-0

[Event "Tourn. n8688"]
[Site "www.chess-mail.com"]
[Date "2016.04.23"]
[Round "1"]
[White "Cardiff"]
[Black "Redabond"]
[WhiteElo "1700"]
[BlackElo "1570"]
[Result "1/2-1/2"]
[Round "1"]
1.e4 e5
2.Ng1f3 Nb8c6
3.Bf1b5 Bf8c5
4.O-O Nc6d4
5.Nf3xd4 Bc5xd4
6.c3 Bd4b6
7.d4 exd4
8.cxd4 c6
9.Bb5c4 d5
10.exd5 cxd5
11.Rf1e1 Ng8e7
12.Bc4b3 O-O
13.Nb1c3 Ne7f5
14.Nc3xd5 Bb6xd4
15.Nd5e3 Bd4xe3
16.Bc1xe3 Qd8xd1
17.Ra1xd1 Bc8e6
18.Bb3xe6 fxe6
19.g3 Rf8d8
20.Rd1xd8 Ra8xd8
21.Be3xa7 Rd8a8
22.Ba7c5 Ra8xa2
23.Re1xe6 Ra2xb2
24.Re6b6 Rb2xb6
25.Bc5xb6 { draw }
1/2-1/2

[Event "Tourn. n8659"]
[Site "www.chess-mail.com"]
[Date "2016.04.23"]
[Round "1"]
[White "Bojan"]
[Black "Difficult"]
[WhiteElo "2020"]
[BlackElo "1890"]
[Result "1-0"]
[Round "1"]
1.c4 e5
2.a3 f5
3.b4 Ng8f6
4.Qd1a4 c6
5.Nb1c3 Bf8e7
6.Bc1b2 O-O
7.d3 d6
8.Ra1d1 Qd8c7
9.e4 fxe4
10.Nc3xe4 Bc8f5
11.Qa4c2 Bf5xe4
12.dxe4 Nb8d7
13.Bf1d3 Nf6h5
14.Ng1f3 Nh5f4
15.O-O Nd7f6
16.Nf3g5 h6
17.Ng5f3 Ra8d8
18.Qc2a4 a6
19.Bd3c2 Qc7c8
20.Bb2c1 Qc8g4
21.Bc1xf4 Qg4xf4
22.Qa4b3 Kh8
23.Rd1e1 Qf4g4
24.h3 Qg4g6
25.Nf3h4 Qg6f7
26.f4 Kg8
27.f5 Rf8e8
28.Nh4g6 Be7f8
29.Qb3c3 Bf8e7
30.g4 Be7f8
31.Kg2 Qf7d7
32.Bc2b3 Kh7
33.Kf3 Bf8e7
34.h4 Qd7c7
35.g5 hxg5
36.hxg5 Nf6d7
37.c5 dxc5
38.Rf1h1 { resign }
1-0

[Event "Match"]
[Site "www.echecsemail.com"]
[Date "2016.04.23"]
[Round "1"]
[White "Pinehill"]
[Black "Caspito"]
[WhiteElo "2120"]
[BlackElo "1730"]
[Result "1-0"]
[Round "1"]
1.e4 e5
2.d4 Qd8f6
3.Ng1f3 exd4
4.Nf3xd4 Bf8c5
5.Bc1e3 d6
6.Bf1e2 Ng8h6
7.Nb1c3 O-O
8.Qd1d2 Bc8g4
9.f3 Bg4d7
10.O-O-O Bc5b4
11.g4 Bb4xc3
12.Qd2xc3 c5
13.Nd4f5 Qf6xc3
14.Nf5xh6 gxh6
15.bxc3 Bd7e6
16.Kb2 Kg7
17.Rd1xd6 Nb8a6
18.h4 Ra8d8
19.Rh1d1 Rd8xd6
20.Rd1xd6 Rf8c8
21.f4 Na6b8
22.f5 Be6d7
23.e5 b6
24.f6 Kf8
25.Be3xh6 Ke8
26.Be2d3 Nb8c6
27.Bh6f4 Nc6d8
28.g5 Rc8c6
29.Rd6xc6 Bd7xc6
30.Bd3xh7 Bc6f3
31.Bh7f5 Bf3h5
32.a4 Nd8c6
33.Bf5e4 Nc6a5
34.Be4d5 c4
35.e6 fxe6
36.Bd5xe6 a6
37.Bf4c7 { resign }
1-0

[Event "Match"]
[Site "www.echecsemail.com"]
[Date "2016.04.23"]
[Round "1"]
[White "Tartan"]
[Black "Mars91"]
[WhiteElo "2450"]
[BlackElo "1789"]
[Result "1-0"]
[Round "1"]
1.e4 c5
2.Ng1f3 Nb8c6
3.d4 cxd4
4.Nf3xd4 g6
5.Nb1c3 Bf8g7
6.Bc1e3 d6
7.Bf1c4 Ng8f6
8.f3 Bc8d7
9.Qd1d2 Qd8a5
10.O-O-O Ra8c8
11.Bc4b3 Nc6e5
12.Kb1 Ne5c4
13.Bb3xc4 Rc8xc4
14.Nd4b3 Qa5a6
15.Rh1e1 O-O
16.e5 dxe5
17.Nb3c5 { resign }
1-0

[Event "Match"]
[Site "www.echecsemail.com"]
[Date "2016.04.23"]
[Round "1"]
[White "Bojan"]
[Black "Elogic"]
[WhiteElo "1830"]
[BlackElo "1800"]
[Result "1/2-1/2"]
[Round "1"]
1.e4 g6
2.d4 d5
3.e5 c5
4.c3 cxd4
5.cxd4 Ng8h6
6.a3 Nh6f5
7.b4 Qd8b6
8.Bc1b2 a5
9.b5 a4
10.Ng1f3 Bc8d7
11.Nb1c3 e6
12.Nc3xa4 Qb6a5
13.Na4c3 Bf8h6
14.a4 Qa5b4
15.Qd1c2 Nf5xd4
16.Nf3xd4 Qb4xd4
17.Bf1d3 Qd4xe5
18.Nc3e2 Qe5g5
19.Bb2xh8 Qg5xg2
20.Ne2g3 Bh6f4
21.Bd3f1 Qg2f3
22.Rh1g1 e5
23.Bf1g2 Qf3g4
24.Bg2xd5 Bd7f5
25.Qc2c5 Nb8d7
26.f3 Qg4g5
27.Ng3xf5 Qg5xf5
28.Qc5c3 Bf4xh2
29.Rg1g2 Qf5h3
30.Kf1 Bh2f4
31.Ra1a2 Ke7
32.Bh8g7 Ra8g8
33.Bg7xe5 Bf4xe5
34.Qc3b4 Be5d6
35.Ra2e2 Kd8
36.Qb4xd6 Rg8e8
37.Re2f2 Qh3h1
38.Rg2g1 Re8e1
39.Kxe1 Qh1xg1
40.Rf2f1 Qg1e3
41.Kd1 Qe3d3
42.Kc1 Qd3xf1
43.Kb2 Qf1e2
44.Ka3 Qe2d3
45.Kb4 Qd3d4
46.Ka5 b6
47.Ka6 Qd4xa4
48.Kb7 Qa4xb5
49.Bd5c6 Qb5f5
50.Qd6c7 Ke7
51.Kc8 Kf8
52.Bc6xd7 Qf5xf3
53.Qc7xb6 Qf3a8
54.Kc7 f5
55.Bd7c6 Qa8a3
56.Qb6d4 Qa3e7
57.Bc6d7 h5
58.Kc6 Qe7e4
59.Kc5 Qe4xd4
60.Kxd4 Ke7
61.Bd7c6 Kf6
62.Ke3 g5
63.Kf3 Ke5
64.Bc6e8 g4
65.Kg3 f4
66.Kh4 g3
67.Be8c6 Kd4
68.Kxh5 Ke3
69.Kg4 Kf2
{ draw }
1/2-1/2

[Event "Match"]
[Site "www.echecsemail.com"]
[Date "2016.04.23"]
[Round "1"]
[White "Joseph1983"]
[Black "Johndyson"]
[WhiteElo "2150"]
[BlackElo "2520"]
[Result "0-1"]
[Round "1"]
1.e4 c6
2.d4 d5
3.Nb1c3 dxe4
4.Nc3xe4 Bc8f5
5.Ne4g3 Bf5g6
6.h4 h6
7.Ng1f3 Nb8d7
8.h5 Bg6h7
9.Bf1d3 Bh7xd3
10.Qd1xd3 e6
11.Bc1f4 Qd8a5
12.Bf4d2 Bf8b4
13.c3 Bb4e7
14.Ng3e4 Ng8f6
15.c4 Qa5c7
16.O-O-O Ra8d8
17.Ne4xf6 Nd7xf6
18.Qd3e2 b5
19.Kb1 O-O
20.g4 bxc4
21.g5 hxg5
22.Bd2xg5 Nf6d5
23.h6 Rd8b8
24.Qe2xc4 g6
25.Bg5xe7 Nd5xe7
26.Nf3e5 Kh7
27.Ka1 Rb8d8
28.Rd1d3 Rd8d5
 { time }
0-1

[Event "Match"]
[Site "www.echecsemail.com"]
[Date "2016.04.23"]
[Round "1"]
[White "Llcervello"]
[Black "Robinjut"]
[WhiteElo "1640"]
[BlackElo "1540"]
[Result "1-0"]
[Round "1"]
1.e4 e5
2.d3 Nb8c6
3.c3 d6
4.b4 a6
5.a4 a5
6.b5 Nc6e7
7.g4 h6
8.c4 b6
9.Bf1h3 g5
10.Nb1c3 Bf8g7
11.Bc1e3 Ng8f6
12.Ng1f3 O-O
13.O-O Bc8b7
14.Qd1e2 Nf6d7
15.Nc3d5 Ne7xd5
16.exd5 e4
17.Nf3d4 Rf8e8
18.Nd4f5 Bg7xa1
19.Nf5xh6 Kh7
20.Nh6xf7 Qd8f6
21.Nf7xg5 Kg6
22.Ng5xe4 Qf6e5
23.g5 Re8h8
24.f4 Qe5g7
25.f5 Kf7
26.f6 Qg7g6
27.Bh3xd7 Ba1e5
28.Be3f4 Be5xf4
29.Rf1xf4 Bb7c8
30.Qe2g4 Bc8xd7
31.Qg4xd7 Kg8
32.h4 Qg6f7
33.Qd7f5 Ra8f8
34.g6 Qf7e8
35.f7 Rf8xf7
36.gxf7 Qe8xf7
37.Qf5xf7 
1-0

[Event "Match"]
[Site "www.echecsemail.com"]
[Date "2016.04.23"]
[Round "1"]
[White "Witpar"]
[Black "Starwind"]
[WhiteElo "2700"]
[BlackElo "2330"]
[Result "1/2-1/2"]
[Round "1"]
1.d4 Ng8f6
2.c4 g6
3.Nb1c3 Bf8g7
4.e4 d6
5.f3 O-O
6.Bc1e3 e5
7.Ng1e2 c6
8.Qd1d2 Nb8d7
9.d5 cxd5
10.cxd5 a6
11.g4 h5
12.g5 Nf6h7
13.Rh1g1 f6
14.gxf6 Rf8xf6
15.O-O-O b5
16.a3 Nd7c5
17.Kc2 Qd8c7
18.Ne2c1 Rf6xf3
19.Be3xc5 Qc7xc5
20.Rg1xg6 Kf7
21.Nc1b3 Qc5b6
22.Rg6g2 Rf3f4
23.Bf1e2 Nh7f6
24.Nb3c1 Bc8g4
25.Kb1 Ra8f8
26.Rd1g1 Bg7h6
27.Be2xg4 hxg4
28.Nc3e2 Rf8e8
29.Ne2xf4 exf4
30.Rg2xg4 Nf6xg4
31.Rg1xg4 Re8xe4
32.Rg4h4 Bh6g5
{ draw }
1/2-1/2

[Event "Match"]
[Site "www.echecsemail.com"]
[Date "2016.04.23"]
[Round "1"]
[White "Traversaro"]
[Black "Ditto"]
[WhiteElo "1669"]
[BlackElo "1620"]
[Result "1-0"]
[Round "1"]
1.e4 e5
2.Ng1f3 Nb8c6
3.Bf1c4 Ng8f6
4.d3 Bf8c5
5.c3 O-O
6.Bc1g5 Nc6b8
7.O-O Rf8e8
8.Nb1d2 d6
9.d4 exd4
10.cxd4 Bc5b6
11.e5 dxe5
12.dxe5 h6
13.exf6 hxg5
14.Nf3xg5 Qd8xf6
15.Bc4xf7 Kf8
16.Ng5h7 Kxf7
17.Nh7xf6 gxf6
18.Qd1h5 Ke7
19.Ra1e1 Bc8e6
20.Re1xe6 Kxe6
21.Qh5xe8 Kf5
22.Qe8c8 Kg5
23.Qc8xb7 Nb8d7
24.Qb7xa8 Nd7e5
25.Nd2f3 Ne5xf3
26.Qa8xf3 a5
27.Rf1e1 Bb6c5
28.Re1e8 { resign }
1-0

[Event "Match"]
[Site "www.echecsemail.com"]
[Date "2016.04.23"]
[Round "1"]
[White "Hundegana"]
[Black "Pimpampum"]
[WhiteElo "1890"]
[BlackElo "1499"]
[Result "0-1"]
[Round "1"]
1.f4 e5
2.d3 Nb8c6
3.g3 d5
4.Bf1g2 Ng8f6
5.Ng1f3 e4
6.dxe4 Nf6xe4
7.Nb1c3 Ne4xc3
8.bxc3 Bf8c5
9.Ra1b1 O-O
10.e3 Rf8e8
11.O-O Bc5xe3
12.Bc1xe3 Re8xe3
13.Qd1d2 Re3e8
14.Rf1e1 Re8xe1
15.Qd2xe1 Ra8b8
16.Nf3d4 Nc6e7
17.Qe1d2 c6
18.Rb1e1 Ne7f5
19.Nd4xf5 Bc8xf5
20.Kh1 Qd8d7
21.c4 dxc4
22.Qd2xd7 Bf5xd7
23.Kg1 Kf8
24.Kf2 Rb8e8
25.Re1xe8 Kxe8
26.Ke3 Ke7
27.Kd4 Kd6
28.Kxc4 Bd7e6
29.Kd4 Be6xa2
30.Bg2e4 h6
31.c3 Ba2d5
32.Be4d3 c5
33.Ke3 a6
34.Kd2 b5
35.Kc2 c4
36.Bd3e2 a5
37.Kb2 b4
38.cxb4 axb4
39.Kc2 Bd5e4
40.Kb2 Kc5
41.Be2d1 c3
42.Kb3 Be4d5
43.Kc2 Kd4
44.Bd1e2 b3
45.Kc1 b2
46.Kc2 Bd5e4
47.Kb3 b1Q
48.Ka3 Qb1b2
49.Ka4 Kc5
50.h4 Be4c6
51.Ka5 Qb2b6
{ resign }
0-1

[Event "Match"]
[Site "www.echecsemail.com"]
[Date "2016.04.23"]
[Round "1"]
[White "Afrikanu007"]
[Black "Nigel"]
[WhiteElo "1629"]
[BlackElo "1499"]
[Result "1-0"]
[Round "1"]
1.e4 e5
2.Ng1f3 Nb8c6
3.b3 d6
4.Nb1c3 Ng8f6
5.h3 Bc8e6
6.d4 exd4
7.Nf3xd4 Nc6xd4
8.Qd1xd4 c6
9.Bc1g5 Bf8e7
10.Ra1d1 h6
11.Bg5f4 d5
12.Bf1e2 O-O
13.e5 Nf6h7
14.Be2d3 c5
15.Bd3xh7 Kxh7
16.Qd4d3  { time }
1-0

[Event "Match"]
[Site "www.echecsemail.com"]
[Date "2016.04.23"]
[Round "1"]
[White "Starwind"]
[Black "Ostapbender"]
[WhiteElo "2410"]
[BlackElo "2740"]
[Result "1-0"]
[Round "1"]
1.d4 Ng8f6
2.c4 g6
3.Nb1c3 Bf8g7
4.e4 d6
5.Ng1f3 O-O
6.Bf1e2 e5
7.O-O Nb8c6
8.d5 Nc6e7
9.b4 a5
10.Bc1a3 b6
11.bxa5 Nf6h5
12.Rf1e1 Nh5f4
13.Be2f1 Ra8xa5
14.Ba3b4 Ra5a8
15.a4 f5
16.h3 fxe4
17.Nc3xe4 Bc8f5
18.a5 bxa5
19.Ra1xa5 Ra8b8
20.Bb4d2  { time }
1-0

[Event "1/128 Finale"]
[Site "www.chess-mail.com"]
[Date "2016.04.23"]
[Round "1"]
[White "Vogue"]
[Black "Mitja"]
[WhiteElo "2430"]
[BlackElo "1900"]
[Result "1-0"]
[Round "1"]
1.c4 d5
2.cxd5 Qd8xd5
3.Nb1c3 Qd5d8
4.g3 e6
5.Bf1g2 c6
6.Ng1f3 h6
7.a3 Ng8f6
8.b4 Nb8d7
9.d3 Nd7b6
10.O-O Bf8d6
11.Bc1b2 Nb6d5
12.Rf1e1 Nd5xc3
13.Bb2xc3 O-O
14.Qd1b3 Qd8d7
15.Qb3b2 Bd6e7
16.Nf3e5 Qd7c7
17.Ne5c4 b6
18.a4 Bc8b7
19.a5 b5
20.Bc3e5 Qc7d8
21.a6 { resign }
1-0

[Event "1/128 Finale"]
[Site "www.chess-mail.com"]
[Date "2016.04.23"]
[Round "1"]
[White "Pavouk"]
[Black "Derfel83"]
[WhiteElo "1170"]
[BlackElo "1950"]
[Result "0-1"]
[Round "1"]
1.c4 c5
2.Nb1c3 Ng8f6
3.Ng1f3 Nb8c6
4.d4 cxd4
5.Nf3xd4 a6
6.e4 g6
7.Bc1e3 Bf8g7
8.Bf1e2 O-O
9.O-O e6
 { time }
0-1

[Event "1/128 Finale"]
[Site "www.chess-mail.com"]
[Date "2016.04.23"]
[Round "1"]
[White "Sandokam"]
[Black "Pavouk"]
[WhiteElo "2089"]
[BlackElo "1170"]
[Result "1-0"]
[Round "1"]
1.e4 e5
2.Ng1f3 Nb8c6
3.Bf1b5 a6
4.Bb5a4 Ng8f6
5.O-O Bf8e7
6.Rf1e1 b5
7.Ba4b3 O-O
8.c3 d6
9.h3 Nc6a5
10.Bb3c2  { time }
1-0

[Event "Fast Game"]
[Site "www.echecsemail.com"]
[Date "2016.04.23"]
[Round "1"]
[White "Cal"]
[Black "Elogic"]
[WhiteElo "1560"]
[BlackElo "1720"]
[Result "1-0"]
[Round "1"]
1.d4 Ng8f6
2.Nb1c3 d5
3.Bc1g5 e6
4.a3 h6
5.Bg5xf6 Qd8xf6
6.Ng1f3 Bc8d7
7.h3 a6
8.e3 b5
9.b4 Bf8d6
10.Bf1d3 c6
11.Qd1e2 g5
12.e4 dxe4
13.Bd3xe4 a5
14.bxa5 Ra8xa5
15.O-O Bd6xa3
16.Nf3h2 b4
17.Nh2g4 Qf6xd4
18.Nc3a2 Ba3b2
19.Ra1d1 Qd4g7
20.Na2xb4 c5
21.Nb4d3 f5
22.Be4xf5 c4
23.Nd3b4 Ra5xf5
24.Qe2e4 Ke7
25.Rf1e1 e5
26.Nb4d5 Kf8
27.Qe4xc4 Nb8c6
28.Nd5b6 Rf5f4
29.Rd1xd7 Rf4xc4
30.Rd7xg7 Rc4xg4
31.Rg7c7 Rg4b4
32.Rc7xc6 Bb2d4
33.Nb6d7 Ke8
34.Nd7f6 Ke7
35.Nf6d5 Kd7
36.Rc6g6 e4
37.Re1xe4 Bd4xf2
38.Kxf2 Rh8f8
39.Kg3 Rb4xe4
40.Rg6xh6 Re4d4
41.Nd5b6 Kc7
42.c3 Rd4d3
43.Kg4 Rd3xc3
44.Nb6d5 { resign }
1-0

[Event "Fast Game"]
[Site "www.echecsemail.com"]
[Date "2016.04.23"]
[Round "1"]
[White "Attatroll"]
[Black "Boki84"]
[WhiteElo "1810"]
[BlackElo "1639"]
[Result "1-0"]
[Round "1"]
1.e4 d5
2.exd5 Ng8f6
3.Nb1c3 Nf6xd5
4.Bf1c4 Nd5b6
5.Bc4b3 Nb8c6
6.Ng1f3 e5
7.O-O Bf8d6
{ time. }
1-0

[Event "Tourn. n8677"]
[Site "www.chess-mail.com"]
[Date "2016.04.24"]
[Round "1"]
[White "Tonino1"]
[Black "Julian"]
[WhiteElo "2250"]
[BlackElo "2110"]
[Result "1-0"]
[Round "1"]
1.d4 d5
2.Ng1f3 e6
3.e3 Ng8f6
4.Bf1d3 Bf8d6
5.b3 O-O
6.Bc1b2 c5
7.Nb1d2 Nb8c6
8.a3 Rf8e8
9.O-O cxd4
10.exd4 e5
11.dxe5 Nc6xe5
12.Nf3xe5 Bd6xe5
13.Bb2xe5 Re8xe5
14.Rf1e1 Re5xe1
15.Qd1xe1 Bc8e6
16.f4 Qd8b6
17.Qe1f2 Qb6xf2
18.Kxf2 Ra8c8
19.h3 Nf6d7
20.f5 Nd7c5
21.fxe6 fxe6
22.Bd3e2 Nc5e4
23.Nd2xe4 dxe4
24.Be2c4 Kf7
25.a4 Kf6
26.Ke3 Ke5
27.Ra1d1 Rc8c7
28.Rd1d4 Kf6
29.Kxe4 a6
30.Rd4d6 Rc7e7
31.Rd6xe6 Re7xe6
32.Bc4xe6 Kxe6
33.c4 h5
34.g4 hxg4
35.hxg4 g5
36.c5 a5
37.Kd4 Ke7
38.Ke5 Kd7
39.Kf6 { resign }
1-0

[Event "Tourn. n8634"]
[Site "www.chess-mail.com"]
[Date "2016.04.24"]
[Round "1"]
[White "Tonino1"]
[Black "Abuelo"]
[WhiteElo "2100"]
[BlackElo "2200"]
[Result "0-1"]
[Round "1"]
1.d4 d5
2.Ng1f3 Nb8c6
3.e3 a6
4.b3 Bc8f5
5.Bc1b2 Nc6b4
6.Nb1a3 e6
7.c3 Nb4c6
8.Bf1d3 Bf5xd3
9.Qd1xd3 Bf8d6
10.O-O Ng8f6
11.c4 Nc6b4
12.Qd3e2 c5
13.Na3c2 Nb4c6
14.a3 O-O
15.Nf3e5 Bd6xe5
16.dxe5 Nf6d7
17.f4 dxc4
18.Qe2xc4 b5
19.Qc4e4 Nc6e7
20.Qe4f3 Nd7b6
21.Ra1d1 Qd8c7
22.e4 Ra8d8
23.Rd1xd8 Rf8xd8
24.Rf1d1 Rd8xd1
25.Qf3xd1 h6
26.Qd1d6 Qc7d7
27.Nc2e3 Ne7c8
28.Qd6b8 Qd7d2
 { time }
0-1

[Event "Tourn. n8521"]
[Site "www.chess-mail.com"]
[Date "2016.04.24"]
[Round "1"]
[White "Alvarin111"]
[Black "Tonino1"]
[WhiteElo "1980"]
[BlackElo "1990"]
[Result "0-1"]
[Round "1"]
1.e4 c5
2.Bf1c4 e6
3.Nb1c3 Nb8c6
4.Ng1f3 Ng8e7
5.d4 cxd4
6.Nf3xd4 Nc6xd4
7.Qd1xd4 Ne7c6
8.Qd4d1 Bf8e7
9.O-O O-O
10.f4 Nc6a5
11.Bc4b3 Na5xb3
12.cxb3 d6
13.Bc1e3 Bc8d7
14.f5 Qd8a5
15.Qd1g4 Kh8
16.Ra1d1 Rf8g8
17.fxe6 Bd7xe6
18.Qg4g3 Ra8c8
19.a3 Be6xb3
20.Rd1e1 a6
21.Be3d2 Bb3c4
22.Rf1f2 Be7f6
23.Nc3d5 Qa5d8
24.Bd2c3 Bf6xc3
25.bxc3 Bc4xd5
26.exd5 f6
27.Re1e6 Qd8c7
28.Rf2f3 Rg8d8
29.Rf3e3 Qc7b6
30.Re6e7 Rd8g8
31.Qg3e1 Rc8c5
32.Re7e8 Rc5xd5
33.Re8xg8 Kxg8
34.c4 Rd5e5
35.Kf2 Qb6xe3
36.Qe1xe3 Re5xe3
37.Kxe3 Kf7
38.Ke4 Ke6
39.g4 g6
40.h4 f5
41.gxf5 gxf5
42.Kf4 b5
43.cxb5 axb5
44.h5 h6
45.Ke3 Ke5
46.Kf3 f4
47.Kf2 Ke4
48.Ke2 f3
49.Kf2 d5
50.Ke1 Ke3
51.Kf1 f2
52.Kg2 Ke2
53.a4 f1Q
54.Kg3 d4
55.axb5 Qf1f2
56.Kh3 Kf3
57.b6 Qf2g3

0-1

[Event "Tourn. n8710"]
[Site "www.chess-mail.com"]
[Date "2016.04.24"]
[Round "1"]
[White "Gfalk"]
[Black "Tevere"]
[WhiteElo "1780"]
[BlackElo "1739"]
[Result "0-1"]
[Round "1"]
1.f4 d5
2.Ng1f3 Ng8f6
3.g3 g6
4.Bf1g2 Bf8g7
5.O-O O-O
6.d3 c6
7.Nb1c3 Rf8e8
8.Qd1e1 Nb8d7
9.e4 dxe4
10.dxe4 e6
11.h3 e5
12.Nf3h4 exf4
13.Bc1xf4 Qd8b6
14.Bf4e3 Qb6xb2
15.Ra1b1 Qb2xc2
 { time }
0-1